|
|
|
|
| LEADER |
00000nab a2200000uu 4500 |
| 001 |
vtls011141602 |
| 003 |
SK-MaSNL |
| 005 |
20260303111033.0 |
| 008 |
230121|1956 xo |||||||||||||||||cze| |
| 015 |
|
|
|a SNBRB
|
| 035 |
|
|
|a (urnnbn)urn:nbn:sk:snk:ar-008cmw
|
| 035 |
|
|
|a (uuid)d660a69f-49b2-4f88-a22d-50a6f324610e
|
| 035 |
|
|
|a urn:nbn:sk:snk-abat9v
|
| 040 |
|
|
|a SNKBUCL
|b slo
|c SNKBUCL
|e AACR2
|
| 041 |
0 |
|
|a cze
|
| 044 |
|
|
|a xo
|c SK
|
| 100 |
1 |
|
|a Veberová, Eva,
|d 1926-
|4 aut
|9 167993
|
| 245 |
1 |
0 |
|a Jak jsem naučila děti úryvku z básně Jaroslava Seiferta "Vrbová píšťalka"
|c Eva Veberová
|
| 600 |
1 |
7 |
|a Seifert, Jaroslav,
|d 1901-1986
|t Vrbová píšťalka
|2 SNK
|9 1123292
|
| 650 |
0 |
7 |
|a česká poézia
|2 SNKPH
|9 1180
|
| 773 |
0 |
|
|t Předškolní výchova
|g Roč. 10, č. 4 (1956), s. 150-151
|
| 954 |
|
|
|a odborná, vedecká literatúra cudzojazyčná (svetová)
|2 lita
|
| 958 |
|
|
|a OND
|
| 958 |
|
|
|a EUIPO
|
| 958 |
|
|
|a article14
|
| 999 |
|
|
|c 1874521
|d 1876451
|